<?xml version="1.0" encoding="UTF-8"?>
<record
    xmlns:xsi="http://www.w3.org/2001/XMLSchema-instance"
    xsi:schemaLocation="http://www.loc.gov/MARC21/slim http://www.loc.gov/standards/marcxml/schema/MARC21slim.xsd"
    xmlns="http://www.loc.gov/MARC21/slim">

  <leader>01922nam a2200457 a 4500</leader>
  <controlfield tag="005">20240417101335.0</controlfield>
  <controlfield tag="008">141117t2002||||sp a   f |||| 001 0 spa d</controlfield>
  <datafield tag="020" ind1=" " ind2=" ">
    <subfield code="a">8471013797</subfield>
  </datafield>
  <datafield tag="041" ind1=" " ind2=" ">
    <subfield code="a">spa</subfield>
  </datafield>
  <datafield tag="092" ind1=" " ind2=" ">
    <subfield code="c">616.0757</subfield>
    <subfield code="l">17</subfield>
    <subfield code="s">DON</subfield>
  </datafield>
  <datafield tag="245" ind1=" " ind2=" ">
    <subfield code="a">Radiolog&#xED;a en patolog&#xED;a cardiovascular.</subfield>
    <subfield code="b">Syllabus CNR 2002 /</subfield>
    <subfield code="c">Lluis Donoso i Bach</subfield>
  </datafield>
  <datafield tag="250" ind1=" " ind2=" ">
    <subfield code="a">1a ed.</subfield>
    <subfield code="b">Revisores Javier Azpeitia Arman ; Julio Castedo Valls</subfield>
  </datafield>
  <datafield tag="260" ind1=" " ind2=" ">
    <subfield code="a">Madrid: </subfield>
    <subfield code="b">Marb&#xE1;n;</subfield>
    <subfield code="c">2002.</subfield>
  </datafield>
  <datafield tag="300" ind1=" " ind2=" ">
    <subfield code="a">146 p.</subfield>
    <subfield code="b">il.</subfield>
  </datafield>
  <datafield tag="500" ind1=" " ind2=" ">
    <subfield code="a">Donoso I Bach, L. et al. (2002). Radiolog&#xED;a en patolog&#xED;a cardiovascular. Syllabus CNR 2002. (1a ed.). Madrid : Marb&#xE1;n.</subfield>
  </datafield>
  <datafield tag="590" ind1=" " ind2=" ">
    <subfield code="a">Donaci&#xF3;n Dr. Jorge Norberto Trova, noviembre 2017.</subfield>
  </datafield>
  <datafield tag="653" ind1=" " ind2=" ">
    <subfield code="a">TC y RM en la fase aguda del ictus</subfield>
  </datafield>
  <datafield tag="653" ind1=" " ind2=" ">
    <subfield code="a">Procedimientos intervencionistas en el tratamiento del ictus isqu&#xE9;mico agudo</subfield>
  </datafield>
  <datafield tag="653" ind1=" " ind2=" ">
    <subfield code="a">Tromboembolismo pulmonar: TC helicoidal y ARM 3D  con contraste</subfield>
  </datafield>
  <datafield tag="653" ind1=" " ind2=" ">
    <subfield code="a">Angio- RM en patolog&#xED;a vascular perif&#xE9;rica</subfield>
  </datafield>
  <datafield tag="653" ind1=" " ind2=" ">
    <subfield code="a">Diagn&#xF3;stico por la imagen en la patolog&#xED;a card&#xED;aca</subfield>
  </datafield>
  <datafield tag="653" ind1=" " ind2=" ">
    <subfield code="a">Resonancia magn&#xE9;tica de las miocardiopat&#xED;as</subfield>
  </datafield>
  <datafield tag="653" ind1=" " ind2=" ">
    <subfield code="a">RM  de la isquemia coronaria</subfield>
  </datafield>
  <datafield tag="653" ind1=" " ind2=" ">
    <subfield code="a">Patolog&#xED;a tumoral card&#xED;aca y peric&#xE1;rdiaca</subfield>
  </datafield>
  <datafield tag="700" ind1="1" ind2=" ">
    <subfield code="a">Donoso i Bach, Lluis</subfield>
    <subfield code="9">3389</subfield>
  </datafield>
  <datafield tag="700" ind1="1" ind2=" ">
    <subfield code="a">Castro Reyes , Enrique</subfield>
    <subfield code="9">3390</subfield>
  </datafield>
  <datafield tag="700" ind1="1" ind2=" ">
    <subfield code="a">Fern&#xE1;ndez Cuadrado, Jaime</subfield>
    <subfield code="9">3391</subfield>
  </datafield>
  <datafield tag="700" ind1="1" ind2=" ">
    <subfield code="a">Ferreir&#xF3;s Dom&#xED;nguez, Joaqu&#xED;n</subfield>
    <subfield code="9">3392</subfield>
  </datafield>
  <datafield tag="700" ind1="1" ind2=" ">
    <subfield code="a">Fortea Gil, Fernando</subfield>
    <subfield code="9">3393</subfield>
  </datafield>
  <datafield tag="700" ind1="1" ind2=" ">
    <subfield code="a">Gutierrez R., Fernando</subfield>
    <subfield code="9">3394</subfield>
  </datafield>
  <datafield tag="700" ind1="1" ind2=" ">
    <subfield code="a">Palemero da Cruz,Julio</subfield>
    <subfield code="9">3395</subfield>
  </datafield>
  <datafield tag="700" ind1="1" ind2=" ">
    <subfield code="a">Rodr&#xED;guez Garc&#xED;a, Esther</subfield>
    <subfield code="9">3396</subfield>
  </datafield>
  <datafield tag="700" ind1="1" ind2=" ">
    <subfield code="a">Rovira Canellas, &#xC1;lex</subfield>
    <subfield code="9">3397</subfield>
  </datafield>
  <datafield tag="700" ind1="1" ind2=" ">
    <subfield code="a">Soler Fern&#xE1;ndez, Rafaela</subfield>
    <subfield code="9">3398</subfield>
  </datafield>
  <datafield tag="700" ind1="1" ind2=" ">
    <subfield code="a">Fern&#xE1;ndez de la Torre, Jes&#xFA;s</subfield>
    <subfield code="9">3399</subfield>
  </datafield>
  <datafield tag="700" ind1="1" ind2=" ">
    <subfield code="a">Torres S&#xE1;nchez, Maria Isabel</subfield>
    <subfield code="9">3400</subfield>
  </datafield>
  <datafield tag="700" ind1="1" ind2=" ">
    <subfield code="a">Hern&#xE1;ndez Lezana, Antonio</subfield>
    <subfield code="e">Coedit.</subfield>
    <subfield code="9">3401</subfield>
  </datafield>
  <datafield tag="700" ind1="1" ind2=" ">
    <subfield code="a">Azpeitia Arman, Javier</subfield>
    <subfield code="e">Coedit.</subfield>
    <subfield code="9">3402</subfield>
  </datafield>
  <datafield tag="930" ind1=" " ind2=" ">
    <subfield code="a">4050</subfield>
  </datafield>
  <datafield tag="942" ind1=" " ind2=" ">
    <subfield code="2">ddc</subfield>
    <subfield code="c">BK</subfield>
  </datafield>
  <datafield tag="999" ind1=" " ind2=" ">
    <subfield code="c">2588</subfield>
    <subfield code="d">2588</subfield>
  </datafield>
  <datafield tag="952" ind1=" " ind2=" ">
    <subfield code="0">0</subfield>
    <subfield code="1">0</subfield>
    <subfield code="2">ddc</subfield>
    <subfield code="4">0</subfield>
    <subfield code="7">0</subfield>
    <subfield code="8">NFIC</subfield>
    <subfield code="a">BFM</subfield>
    <subfield code="b">BFM</subfield>
    <subfield code="c">CR</subfield>
    <subfield code="d">2017-11-14</subfield>
    <subfield code="e">Donaci&#xF3;n de Dr. Jorge Norberto Trova</subfield>
    <subfield code="l">0</subfield>
    <subfield code="o">616.0757 17 DON</subfield>
    <subfield code="p">4050</subfield>
    <subfield code="r">2017-11-14</subfield>
    <subfield code="t">Ej. 1</subfield>
    <subfield code="w">2017-11-14</subfield>
    <subfield code="y">BK</subfield>
    <subfield code="z">Hemeroteca 2022. Donaci&#xF3;n de Dr. Jorge Norberto Trova, noviembre 2017.</subfield>
    <subfield code="f"></subfield>
  </datafield>
</record>
